Statistics for Rivers That Are Longer Than 5,000 Kilometers

Click here to take the quiz!

General Stats

  • This quiz has been taken 16 times
    (15 since last reset)
  • The average score is 6 of 7

Answer Stats

LengthRivers% Correct
6,400 kmAmazon
100%
6,275 kmMississippi
100%
6,650 kmNile
100%
6,300 kmYangtze
93%
5,464 kmYellow
87%
5,410 kmOb
73%
5,539 kmYenisey
47%

Score Distribution

Percentile by Number Answered

Percent of People with Each Score

Your Score History

You have not taken this quiz since the last reset